Statistiques concernant Culture Générale - Série 1547

Cliquez ici pour prendre le quiz!

Statistiques générales

  • Ce quiz a été pris 55 fois
  • Le résultat moyen est 4 sur 10

Statistiques - réponses

QuestionRéponse% Correct
De quel pays est originaire le chien terre-neuve ?Canada
87%
À quelle guerre le moustachu mais néanmoins sexy détective télévisé Magnum a-t-il participé ?guerre du Vietnam
71%
A quel physicien italien doit-on l'invention de la pile électrique, en 1800 ?Alessandro Volta
67%
Quelle famille, originaire du pays de Galles, donna cinq souverains à l'Angleterre, dont Élisabeth Ire?Tudor
46%
Quel site abrite le principal ensemble de mégalithes des îles Britanniques, constitué de deux cercles de pierres dressées ?Stonehenge
46%
Comment surnommait-on le célèbre gang des années 80, dont les membres braquaient des banques vêtus de perruques et fausses moustaches ?Le gang des postiches
42%
À Rome, quel palais du XVIe siècle est le siège de l'ambassade de France ?palais Farnèse
21%
Quel nom est donné au groupe des sept filles d'Atlas, métamorphosées en colombes, puis placées parmi les constellations par Zeus ?Pléiades
15%
Quelle dynastie gouverna l'Empire romain de 69 à 96, avec Vespasien, Titus et Domitien ?Les Flaviens
4%
Quelle est l'unité monétaire principale du Nigeria ?naira
2%

Distribution des résultats

Percentile par nombre de réponses

% des personnes avec chaque résultat

Votre développement - résultats

Vous n’avez pas pris ce quiz